The libraries in the Lithuanian archival system

Titel: The libraries in the Lithuanian archival system
Verfasser:
In: Atlanti, Band 10, Heft 2 (2000), Seite 183-188
alle Artikel anzeigen
Veröffentlicht: 2000
Format: Aufsatz
Kein Bild verfügbar
X
alg: 44191767
001A    $03036:30-01-19 
001B    $01999:30-01-19 $t22:56:16.000 
001D    $03036:30-01-19 
001U    $0utf8 
001X    $00 
002@    $0Aox    
003@    $0441917674 
007A    $0441917674 $aHEB 
007T    $0ArchMa07886 
011@    $a2000 
021A    $aThe @libraries in the Lithuanian archival system 
028A    $aBaranova $dGalina 
031A    $d10 $e2 $h183-188 $j2000 
039B    $aIn $8--Abvc--. Atlanti. - Trieste : Archivio di Stato, 2006-. - ISSN 1318-0134 $x200000000100002817 $9195414470 

lok: 44191767 105

exp: 44191767 105 1 #EPN
201B/01 $030-01-19 $t13:35:17.000 
201C/01 $030-01-19 
201U/01 $0utf8 
203@/01 $01042273774 
208@/01 $a13-12-18 $be 
209A/01 $a/ $f106 $x00 
244Z/01 $aLithuania $x01 
244Z/01 $aLitauen $x02 
245Z/01 $a4.01.03. $bArchivwesen Europas / Archivwesen Europas / Einzelne Länder $x01 
247C/01 $8->Marburg, Bibliographie zum Archivwesen der Archivschule Marburg $939588196X
LEADER 00000caa a22000002c 4500
001 441917674
003 DE-603
005 20190130225616.0
007 tu
008 190130s2000 xx |||| | u00||u|und c
035 |a (DE-599)HEB441917674 
040 |a DE-603  |b ger  |c DE-603  |d DE-603 
100 1 |a Baranova, Galina 
245 0 0 |a ˜Theœ libraries in the Lithuanian archival system 
264 0 |c 2000 
773 0 8 |i In  |t Atlanti  |d Trieste : Archivio di Stato, 2006-  |h 30 cm  |x 1318-0134  |g Band 10, Heft 2 (2000), Seite 183-188  |w (DE-603)195414470  |w (DE-600)2414313-3 
924 0 |9 -  |a (DE-603)1042273774  |b DE-  |c HES  |d d  |g /